Hyponatremia Evaluation and Treatment /

Hyponatremia is a common electrolyte disorder found in a variety of settings. Manifestations range from subtle abnormalities to convulsions and death.  New treatment options, such as Antidiuretic Hormone (ADH) antagonists, have created the need for a resource presenting the latest evidence and clini...

Πλήρης περιγραφή

Λεπτομέρειες βιβλιογραφικής εγγραφής
Συγγραφή απο Οργανισμό/Αρχή: SpringerLink (Online service)
Άλλοι συγγραφείς: Simon, Eric E. (Επιμελητής έκδοσης)
Μορφή: Ηλεκτρονική πηγή Ηλ. βιβλίο
Γλώσσα:English
Έκδοση: New York, NY : Springer New York : Imprint: Springer, 2013.
Θέματα:
Διαθέσιμο Online:Full Text via HEAL-Link
LEADER 03062nam a22004815i 4500
001 978-1-4614-6645-1
003 DE-He213
005 20151125231826.0
007 cr nn 008mamaa
008 130430s2013 xxu| s |||| 0|eng d
020 |a 9781461466451  |9 978-1-4614-6645-1 
024 7 |a 10.1007/978-1-4614-6645-1  |2 doi 
040 |d GrThAP 
050 4 |a RC902-918 
072 7 |a MJR  |2 bicssc 
072 7 |a MED055000  |2 bisacsh 
082 0 4 |a 616.61  |2 23 
245 1 0 |a Hyponatremia  |h [electronic resource] :  |b Evaluation and Treatment /  |c edited by Eric E. Simon. 
264 1 |a New York, NY :  |b Springer New York :  |b Imprint: Springer,  |c 2013. 
300 |a XIII, 256 p.  |b online resource. 
336 |a text  |b txt  |2 rdacontent 
337 |a computer  |b c  |2 rdamedia 
338 |a online resource  |b cr  |2 rdacarrier 
347 |a text file  |b PDF  |2 rda 
505 0 |a Epidemiology and Significance of Hyponatremia -- Physiology of water balance and pathophysiology of hyponatremia -- Utility of Electrolyte-Free Water Clearance in the Analysis and Treatment of Dysnatremias -- Cerebral-Renal Salt Wasting -- CNS Manifestations of Hyponatremia and Its Treatment -- Hyponatremia Induced by Drugs -- Hyponatremia in Heart Failure -- Hyponatremia in Cirrhosis: Evaluation and Treatment -- Hyponatremia in Psychosis -- Exercise Associated Hyponatremia -- Vasopressin Receptor Antagonists -- Treatment of Hyponatremia. 
520 |a Hyponatremia is a common electrolyte disorder found in a variety of settings. Manifestations range from subtle abnormalities to convulsions and death.  New treatment options, such as Antidiuretic Hormone (ADH) antagonists, have created the need for a resource presenting the latest evidence and clinical approaches.   Hyponatremia:  Evaluation and Treatment is a comprehensive review of hyponatremia, with an emphasis on managing this disorder from diagnosis to treatment.  The incidence and occurrence of acute and chronic hyponatremia in general terms are covered, as well as hyponatremia induced by drugs and exercise and disorders of the central nervous, cardiovascular and digestive systems.  Common clinical scenarios are presented along with both traditional and new methods of treatment.   Authored by experts on this disorder from around the world, experienced members of the medical community and trainees alike will find Hyponatremia as an indispensible guide to diagnosis, managing and treating patients with hyponatremia.  . 
650 0 |a Medicine. 
650 0 |a Internal medicine. 
650 0 |a Cardiology. 
650 0 |a Hepatology. 
650 0 |a Nephrology. 
650 1 4 |a Medicine & Public Health. 
650 2 4 |a Nephrology. 
650 2 4 |a Internal Medicine. 
650 2 4 |a Hepatology. 
650 2 4 |a Cardiology. 
700 1 |a Simon, Eric E.  |e editor. 
710 2 |a SpringerLink (Online service) 
773 0 |t Springer eBooks 
776 0 8 |i Printed edition:  |z 9781461466444 
856 4 0 |u http://dx.doi.org/10.1007/978-1-4614-6645-1  |z Full Text via HEAL-Link 
912 |a ZDB-2-SME 
950 |a Medicine (Springer-11650)